| 000 | 00459cam a2200181 4500 | ||
|---|---|---|---|
| 001 | D5170 | ||
| 008 | 090401t1980 xxu||||| |||| 00| 0 eng d | ||
| 035 | _a(Sirsi) u37224 | ||
| 041 | _aeng | ||
| 050 | _a720.28 | ||
| 110 |
_aGreater London Council. Department of Architecture _91532 |
||
| 245 | _aGood practice details | ||
| 260 |
_aLondon _bArchitectural Press _c1980 |
||
| 300 | _a148p. 21 x 30cm | ||
| 350 | _a4.95 | ||
| 942 | _n0 | ||
| 948 | _c04/03/1997 | ||
| 999 |
_c90454 _d90454 |
||